Geographic Word Chain - Statistics

General Stats
  • This quiz has been taken 61 times
  • The average score is 7 of 12
Answer Stats
Hint Answer % Correct
Unscrammble The Given Country Name N_G_R{Niger}
100%
Capital Of Saudi Arabia Riyadh
86%
Country bordered by Somalia, Eritrea and Ethiopia? Djibouti
76%
Country with highest murder rate in the world? Honduras
71%
'CH' numberplate registered to which country? Switzerland
69%
Fifth largest city in Australia? Adelaide
61%
Second smallest (area) of the Great Lakes? Erie
57%
Austrian city which hosted 1964 and 1976 Winter Olympics? Innsbruck
57%
780 mile long peninsula in Russia's Far East? Kamchatka
35%
Driest (non-polar) desert in the world? Atacama
31%
River, also known as the Adonis, which flows through Lebanon? Abraham
6%
Country where the world's largest wine cellar network is? Moldova
6%
No matching quizzes found
Score Distribution
Percent of People with Each Score
Percentile by Number Answered
Your Score History
You have not taken this quiz